Teologie Agapé : dogmatika. Svazek II. / Josef Zvěřina
Pozoruhodný výklad katolické dogmatiky ve světle nové teologie, která radikálně vyznává primát lásky jako své východisko.
Record details
- ISBN: 80-85528-21-5
- ISBN: 80-85528-20-7
- Physical Description: 465 s. ; 21 cm
- Publisher: Praha : Scriptum, 1994
Content descriptions
| General Note: | Obsahuje díl V-X 5000 výt. |
| Formatted Contents Note: | Kristovo společenství lásky -- O Marii -- Účast na vnitřním Božím životě -- Svátostný život -- O Bohu zjevení a naší víry -- Tajemství naplnění |
Search for related items by subject
| Subject: | teologie |
| Genre: | monografie učebnice |
Available copies
- 4 of 4 copies available at Common Catalog SPOK.
Holds
- 0 current holds with 4 total copies.
Show Only Available Copies
| Location | Call Number / Copy Notes | Barcode | Shelving Location | Status | Due Date |
|---|---|---|---|---|---|
| ETS Library | 230.042 | 424470005024 | Volný výběr | Available | - |
| ETS Library | 230.042 | 424470018454 | Volný výběr | Available | - |
| Jabok Library | ST-1.7 | 424480020109 | Odborná literatura | Available | - |
| Jabok Library | ST-1.7 | 424480027477 | Odborná literatura | Available | - |
| LDR | 02180nam a22005653a 4500 | ||
|---|---|---|---|
| 001 | 13159 | ||
| 003 | CZ-PrJAB | ||
| 005 | 20210428131019.0 | ||
| 007 | ta | ||
| 008 | 000107s1994 xr ||| | cze d | ||
| 015 | . | ‡acnb000087977 | |
| 020 | . | ‡a80-85528-21-5 ‡q(soubor) | |
| 020 | . | ‡a80-85528-20-7 ‡q(brož.) : ‡cKč 98,00 | |
| 035 | . | ‡a(CZ PrSKC)m0292704 | |
| 035 | . | ‡a(OCoLC)39576693 | |
| 040 | . | ‡aCBA001 ‡bcze ‡dABA100 | |
| 072 | 7. | ‡a2-1 ‡xPřirozená teologie. Náboženská filozofie ‡2Konspekt ‡95 | |
| 080 | . | ‡a2-1 ‡2MRF | |
| 100 | 1 | . | ‡aZvěřina, Josef, ‡d1913-1990 ‡7jn19981002448 ‡4aut |
| 245 | 1 | 0. | ‡aTeologie Agapé : ‡bdogmatika. ‡nSvazek II. / ‡nJosef Zvěřina |
| 260 | . | ‡aPraha : ‡bScriptum, ‡c1994 | |
| 300 | . | ‡a465 s. ; ‡c21 cm | |
| 500 | . | ‡aObsahuje díl V-X | |
| 500 | . | ‡a5000 výt. | |
| 505 | 0 | 0. | ‡tKristovo společenství lásky -- ‡tO Marii -- ‡tÚčast na vnitřním Božím životě -- ‡tSvátostný život -- ‡tO Bohu zjevení a naší víry -- ‡tTajemství naplnění |
| 520 | . | ‡aPozoruhodný výklad katolické dogmatiky ve světle nové teologie, která radikálně vyznává primát lásky jako své východisko. | |
| 650 | 7. | ‡ateologie ‡7ph116425 ‡2czenas | |
| 653 | 0 | . | ‡aBůh ‡adogmatika ‡aeschatologie ‡akřesťanská církev ‡amariologie ‡asvátosti ‡ateologie agapé |
| 655 | 7. | ‡amonografie ‡7fd132842 ‡2czenas | |
| 655 | 7. | ‡aučebnice ‡7fd133770 ‡2czenas | |
| 910 | . | ‡aABG312 | |
| 995 | . | ‡aska | |
| 901 | . | ‡a13159 ‡bCZ-PrJAB ‡c13159 ‡tbiblio ‡sets | |